A. WESLEY POWELL LEARNING RESOURCE CENTRE (WPLRC)

Wonderful Place to Learn, Research & Collaborate

From tin pan to TASPO : (Record no. 4980)

MARC details
000 -LEADER
fixed length control field 01409cam a2200361 a 4500
001 - ACCESSION NUMBER
control field 17306611
003 - CONTROL NUMBER IDENTIFIER
control field OSt
005 - DATE AND TIME OF LATEST TRANSACTION
control field 20160113102631.0
008 - FIXED-LENGTH DATA ELEMENTS--GENERAL INFORMATION
fixed length control field 120515s2011 jm b 001 0 eng d
016 7# - NATIONAL BIBLIOGRAPHIC AGENCY CONTROL NUMBER
Record control number 016003253
Source Uk
020 ## - INTERNATIONAL STANDARD BOOK NUMBER
International Standard Book Number 9789766402549
020 ## - INTERNATIONAL STANDARD BOOK NUMBER
International Standard Book Number 976640254X
035 ## - SYSTEM CONTROL NUMBER
System control number (OCoLC)ocn733093608
035 ## - SYSTEM CONTROL NUMBER
System control number (OCoLC)733093608
040 ## - CATALOGING SOURCE
Original cataloging agency BWM
Transcribing agency BWM
Modifying agency YDXCP
-- BTCTA
-- BWX
-- CUT
-- ZCU
-- EMU
-- UKMGB
-- OCLCO
-- CDX
-- CNAUC
-- DLC
042 ## - AUTHENTICATION CODE
Authentication code lccopycat
043 ## - GEOGRAPHIC AREA CODE
Geographic area code nwtr---
050 00 - LIBRARY OF CONGRESS CALL NUMBER
Classification number ML3486.T7
Item number J62 2011
082 00 - DEWEY DECIMAL CLASSIFICATION NUMBER
Classification number R/WIC/786.843'729'83 JOH (46133)
Edition number 23
100 1# - MAIN ENTRY--PERSONAL NAME
Personal name Johnson, Kim.
245 10 - TITLE STATEMENT
Title From tin pan to TASPO :
Remainder of title steelband in Trinidad, 1939-1951 /
Statement of responsibility, etc. Kim Johnson.
260 ## - PUBLICATION, DISTRIBUTION, ETC. (IMPRINT)
Place of publication, distribution, etc. Kingston, Jamaica :
Name of publisher, distributor, etc. University of the West Indies Press,
Date of publication, distribution, etc. c2011.
300 ## - PHYSICAL DESCRIPTION
Extent viii, 350 p. ;
Dimensions 23 cm.
504 ## - BIBLIOGRAPHY, ETC. NOTE
Bibliography, etc Includes bibliographical references (p. 327-337) and index.
610 20 - SUBJECT ADDED ENTRY--CORPORATE NAME
Corporate name or jurisdiction name as entry element Trinidad All Steel Percussion Orchestra
General subdivision History.
650 #0 - SUBJECT ADDED ENTRY--TOPICAL TERM
Topical term or geographic name as entry element Steel bands (Music)
Geographic subdivision Trinidad and Tobago
General subdivision History
Chronological subdivision 20th century.
650 #0 - SUBJECT ADDED ENTRY--TOPICAL TERM
Topical term or geographic name as entry element Steel band music
Geographic subdivision Trinidad and Tobago
General subdivision History and criticism.
650 #0 - SUBJECT ADDED ENTRY--TOPICAL TERM
Topical term or geographic name as entry element Steel drum (Musical instrument)
Geographic subdivision Trinidad and Tobago
General subdivision History
Chronological subdivision 20th century.
906 ## - LOCAL DATA ELEMENT F, LDF (RLIN)
a 7
b cbc
c copycat
d 2
e ncip
f 20
g y-gencatlg
942 ## - ADDED ENTRY ELEMENTS (KOHA)
Source of classification or shelving scheme Dewey Decimal Classification
Koha item type Books
Holdings
Withdrawn status Lost status Source of classification or shelving scheme Damaged status Not for loan Home library Current library Date acquired Total Checkouts Full call number Barcode Date last seen Price effective from Koha item type
    Dewey Decimal Classification     Wesley Powell Learning Resource Centre Wesley Powell Learning Resource Centre 01/13/2016   R/WIC/786.843'729'83 JOH 46133 01/13/2016 01/13/2016 Books